000 00435 a2200157 4500
005 20250624125534.0
020 _a978-0-07-304355-5
082 _a658.4 OBR
100 _aO'BRIEN,James A,
245 _aIntroduction to Information Systems
250 _a13th Ed.
260 _aBoston
_bMcGraw-Hill Irwin,
_c2007
300 _axxiii,543p.;Figure,Picture
_bGlossary,Index,References
_c28cm
700 _aGeorge M Marakas
942 _2ddc
_cBKS
999 _c4864
_d4864